[Event "Helsinki op"]
[Site "Helsinki"]
[Date "1992.??.??"]
[Round "7"]
[White "Pigusov, Evgeny"]
[Black "Dokhoian, Yury"]
[Result "1-0"]
[WhiteElo "2565"]
[BlackElo "2505"]
[Annotator "Hansen,Cu"]
[PlyCount "133"]
[EventDate "1992.09.??"]
[EventType "swiss"]
[EventRounds "9"]
[EventCountry "FIN"]
[SourceTitle "CBM 032"]
[Source "ChessBase"]
[SourceDate "1993.02.01"]
[SourceVersion "1"]
[SourceVersionDate "1993.02.01"]
[SourceQuality "1"]

1. c4 {Ribli} e5 2. g3 Nf6 3. Bg2 d5 4. cxd5 Nxd5 5. Nc3 Nb6 6. Nf3 Nc6 7. O-O
Be7 8. d3 O-O 9. a3 Re8 $5 (9... Be6) 10. Be3 $5 (10. b4 Bf8) 10... Bf8 11. Rc1
Nd4 (11... Bg4 $5 {Ribli}) 12. Ne4 a5 (12... c6 13. Nc5 Bxc5 14. Rxc5 Bg4 15.
Bxd4 exd4 16. Qd2 $14 {Seret,JL-Renet,O Lyon zt 1990}) (12... c6 $5 {Ribli})
13. Re1 (13. Nc5 Nf5 14. Bd2 c6 15. e4 Nd4 16. Nxd4 exd4 17. f4 $14 {Rasmussen,
K-Hansen,LB Århus (ch) 1992}) 13... a4 (13... h6 $5) 14. Nxd4 exd4 15. Bg5 f6
$6 (15... Be7 16. Bxe7 Rxe7 (16... Qxe7 {Ribli} 17. Qd2 $14)) 16. Bd2 Be6 17.
Bb4 Bd5 (17... Bxb4 $5 {Ribli} 18. axb4 Bd5 19. Qc2 $14) 18. Bxf8 Rxf8 (18...
Kxf8 19. Qc2 {/\20.Qc5+}) 19. Qc2 f5 (19... c6 20. Qc5 $14) 20. Nd2 Bxg2 21.
Kxg2 {+/= ><d4} Qd5+ 22. Nf3 Rf7 $6 (22... c6 23. Qc5 Qxc5 24. Rxc5 Rad8 $14 {
><b5}) 23. Qc5 $1 Qxc5 24. Rxc5 Rd8 25. Rb5 $16 {><a4,><c7,><d4,><f5} g6 26.
Rc1 Rd6 27. Kf1 Kg7 28. Rb4 {/\29.Nd2 + 30.Nc4 Nxc4 31.Rxc4 ><a4,><d4} Rfd7 29.
Rc5 (29. Nd2 $5 {/\30.Sc4}) 29... Kf6 30. h3 (30. Ra5 $5 {/\Ra7}) 30... h6 (
30... h5 31. h4 $16) 31. g4 fxg4 32. hxg4 {/\Nd2-e4} Kg7 33. Ra5 g5 34. Rc5 (
34. Ra7 c5) 34... Kf8 {/\Ke7-d8} 35. Re5 Kg7 36. Ke1 Kf6 37. Kd1 Kg7 38. Ra5
Kf8 39. Rbb5 {><c5,/\Ra7} (39. Ra7 c5) 39... Rd8 40. Ra7 Rb8 41. Rb4 Rf6 (41...
c5 42. Rb5 c4 (42... Rc6 43. Ne5 $18) 43. Ne5 cxd3 44. Rxb6 $18) 42. Rxd4 $18
c5 43. Re4 c4 44. dxc4 Rc8 45. Ne5 Rxf2 46. Ng6+ (46. Rxb7 $18) 46... Kg7 47.
Rxb7+ Kxg6 48. Rxb6+ Rf6 49. c5 Rxc5 50. Rxf6+ Kxf6 51. Rxa4 h5 52. gxh5 Kf5
53. Ke1 Rc6 54. Kf2 Rh6 55. Kg3 Rxh5 56. Ra5+ Kg6 57. Rb5 Rh4 58. b4 Kh5 59. a4
Rc4 60. a5 Rc3+ 61. Kf2 Ra3 62. Rb6 g4 63. a6 g3+ 64. Kg2 Kg4 65. Rc6 Ra2 66.
Rc4+ Kf5 67. b5 1-0

[Event "Baden-Baden"]
[Site "Baden-Baden"]
[Date "1992.12.07"]
[Round "3"]
[White "Lautier, Joel"]
[Black "Huebner, Robert"]
[Result "1/2-1/2"]
[WhiteElo "2580"]
[BlackElo "2630"]
[Annotator "Hansen,Cu"]
[PlyCount "174"]
[EventDate "1992.12.??"]
[EventType "tourn"]
[EventRounds "11"]
[EventCountry "GER"]
[EventCategory "14"]
[SourceTitle "CBM 033"]
[Source "ChessBase"]
[SourceDate "1993.04.01"]
[SourceVersion "1"]
[SourceVersionDate "1993.04.01"]
[SourceQuality "1"]

1. c4 {Ribli} e5 2. Nc3 Nf6 3. Nf3 Nc6 4. g3 d5 5. cxd5 Nxd5 6. Bg2 Nb6 7. O-O
Be7 8. d3 O-O 9. Be3 Be6 (9... f5 {Ribli} 10. b4 $1 Bf6 11. Nd2 Nd4 12. a4 a5
13. bxa5 Rxa5 14. Nb3 Ra8 15. a5 Nd7 16. Nd5 $14 {Ivanchuk,V-Lautier,J
Tilburg3 1992 CBM/32}) 10. Qc1 (10. Na4 $5 {Ribli} f6 11. Nc5 Bxc5 12. Bxc5 Re8
13. Qc2 Nd5 14. Rfd1 b6 15. e4 bxc5 16. exd5 Bxd5 17. Qxc5 Rb8 18. b3 Bxf3 19.
Bxf3 Nd4 20. Bg2 Rb6 $13 {Har Zvi,R-Damjanovic,M Tel Aviv-B 1991 EXP/27}) (10.
Rc1 $5 {Ribli}) 10... h6 (10... f5 11. Rd1 (11. Ng5 Bxg5 12. Bxg5 Qd7 13. Be3
Rae8 14. Bc5 Rf6 15. b4 $14 {Poldauf-Dautov Budapest 1989}) 11... Kh8 (11...
Bf6 12. Bc5 Rf7 13. b4 Rd7 14. Rb1 Nd4 15. Ne1 c6 $10 {Raupp,T-Bachman,K BL
8283}) (11... Nd5 12. Bg5 Nxc3 13. bxc3 Kh8 $14 {Andersson,U-Chernin,A Reggio
Emilia 1986 (inf 43/26)}) 12. d4 e4 13. Ne5 Nb4 14. f3 $14 {Ivkov,B-Addison
Palma iz 1970}) (10... f6 11. Nd2 (11. Ne4 Nd4 12. Bxd4 exd4 13. Nc5 Bd5 14. b4
a5 15. a3 $14 {Lalic,B-Hug,W Zurich Open 1989}) (11. Rd1 Qe8 12. d4 exd4 13.
Nxd4 Nxd4 14. Bxd4 c6 15. Qe3 Bd8 $10 {Preiss,M-Haag,M Baden-Baden Open 1990})
11... Nd5 (11... Qd7 12. Re1 f5 13. Nb3 Nd4 $132 {Fatin-Sher Hastings 1990})
12. Nb3 Nxe3 13. Qxe3 Qd7 {Suba-Miles Tunis iz 1985 (inf}) (10... Nd5 11. Nxd5
(11. Rd1 Re8 (11... f5 12. Nxd5 Bxd5 13. Bc5 f4 14. Nd2 Bxg2 15. Kxg2 Kh8 16.
Ne4 Bxc5 17. Qxc5 Qd7 $132 {Preiss,M-Ross,JL Baden-Baden Open 1991}) 12. d4
Nxe3 13. fxe3 exd4 14. exd4 Bf5 15. Qf4 $13 {Pribyl,J-Romanischin,O Jurmala
1987}) (11. Bd2 f6 12. Ne4 Qd7 13. Nc5 Bxc5 14. Qxc5 Rfd8 15. Rfc1 a6 16. b4
Bg4 17. a4 $14 {Poldauf,D-Wolf,V BL 1992}) (11. Ng5 Bxg5 12. Bxg5 f6 13. Bd2
Qd7 14. Re1 Rac8 15. b3 b6 16. Qb2 Nxc3 17. Bxc3 Bd5 $10 {Reich,T-Degenhardt,H
BL 9192}) 11... Bxd5 12. Rd1 Nd4 13. Bxd4 exd4 14. Qc2 c5 {Raupp,T-Riefner,E
BL 8283}) (10... Qd7 11. Rd1 Rad8 12. Ne4 Rfe8 13. Nc5 Bxc5 14. Bxc5 h6 15. b4
$14 {Raupp,T-Fahnenschmidt,G BL 8081}) 11. Ne4 (11. Rd1 Nd5 12. d4 Nxe3 13.
Qxe3 exd4 14. Nxd4 Nxd4 15. Rxd4 Qc8 16. Nd5 Bxd5 17. Rxd5 c6 18. Rd3 Bg5 {
1/2-1/2 Romanischin,O-Hübner,R Biel 1987}) (11. Rd1 $5 {Ribli}) 11... Bd5 (
11... Qd7 12. Nc5 Bxc5 13. Bxc5 Rfe8 14. b4 $14) 12. Rd1 {/\13.Nc3 Be6 14.d4/
14.Nc5+d3-d4} (12. Nc3 $5 {Ribli}) 12... Bxe4 $5 {/\ץg2} 13. dxe4 Qc8 14. h4 {
/\Kh2+Bh3} Qe6 15. Kh2 Qc4 {/\Qxe2} 16. Rd2 Qxc1 (16... Qxe4 $2 17. Nd4 $16)
17. Rxc1 Rfd8 18. Rdc2 $14 {קc7,קe5} Bd6 {/\Nb4} 19. a3 a5 20. h5 {
/\Nf3-h4-f5} (20. Bh3 $5 {/\h4-h5+Nf3-h4-f5} Nd7 21. Bxd7 Rxd7 22. h5 $14 {
/\Ne1-d3/Nd2-c4}) (20. Bxb6 $5 cxb6 21. e3 {/\Bf1-b5/c4 ><d5} b5 22. Bf1 b4 (
22... Na7 23. h5 $14) 23. a4 Rac8 24. Bc4 $14 {/\Bd5/h4-h5} (24. h5 $6 {/\Bc4}
b3 25. Rc3 Bb4 26. Rxb3 Nd4 $17)) 20... Nd7 $1 $10 21. Nd2 (21. Nh4 Nf6 22. Bf3
Ne7 $13 {ץf3,פh4}) 21... a4 (21... Nf6 22. Bf3 {/\Nc4} a4 23. Nc4 {-> game})
22. Nc4 Nf6 23. Bf3 Be7 24. Rc3 Ne8 $1 25. Rd3 (25. b4 $6 axb3 26. Rxb3 Rab8
$15) 25... Bg5 26. Rd5 Bxe3 27. Nxe3 Rxd5 $1 (27... f6 $6 {/\Nd4} 28. Bg4 $14 {
/\Be6-d5}) 28. Nxd5 {/\e2-e3+Bd1 ><a4} (28. exd5 Nd4 29. Kg2 f5 $15) 28... Nd4
29. Kg2 c6 {ץf3,ާe2,Pe4} 30. Nb6 Ra6 31. Nd7 $6 (31. Nc4 $1 f6 32. Bg4 $13 {
><e6,/^h3-c8} b5 33. Nd2 Kf7 $132 (33... Nd6 $6 34. e3 Nb3 35. Nxb3 axb3 36.
Be6+ Kf8 37. Kf3 $16)) 31... Ra5 (31... f6 32. Nc5 Ra7 33. Bg4 $10 {><e6}) 32.
e3 (32. Rc5 Rxc5 33. Nxc5 b5 $17 {/\Nd6-c4}) 32... Nxf3 33. Kxf3 f6 (33... Rb5
34. Rc2 {/\Nc5 ><a4}) 34. Nb6 {/\Ra4} Ra6 35. Nc4 Kf7 36. Kg4 Ke6 37. f4 b5 38.
Nd2 Nd6 $17 39. Kf3 Kd7 {><c6, /\Ra6-a8-?} 40. Ke2 Ra8 41. Kd3 Kc7 {/\Kc7-b6 +
c6-c5} 42. g4 Rd8 43. Ke2 Re8 44. Kd3 Rd8 45. Ke2 Rh8 (45... Re8 $10) 46. Rg1
Kb6 47. fxe5 fxe5 48. g5 Kc5 (48... c5 $6 49. gxh6 gxh6 50. Rg6 Kc7 $10 51. Nf3
$2 Nc4 $17) 49. Kd3 Nc4 (49... Rd8 50. Kc2 $5 Rf8 (50... Nc4 $6 51. Nxc4 Kxc4
52. gxh6 gxh6 53. Rg6 c5 54. Rxh6) 51. gxh6 gxh6 52. Rg6 Rf2 53. Kd3 (53. Kc1
Nc4 54. Nxc4 Kxc4 55. Rxh6 Kd3 56. Rd6+ Kxe4 57. Rxc6 Kxe3 58. h6 Rh2 $17)
53... Nc4 54. Nxc4 bxc4+ 55. Kc3 Re2 56. Rxh6 Rxe3+ 57. Kc2 Rxe4 58. Rh8 {
-> game}) 50. Nxc4 bxc4+ 51. Kc2 Rf8 52. gxh6 gxh6 53. Rg6 Rf2+ 54. Kc3 Re2 55.
Rxh6 Rxe3+ 56. Kd2 Rxe4 57. Rh8 Rh4 58. h6 Rh2+ 59. Kc3 Rh3+ 60. Kc2 c3 $1 $8
61. h7 cxb2 (61... Kc4 $5 62. bxc3 $1 (62. Rc8 Rh2+ 63. Kb1 {עb1} Rxh7 64.
Rxc6+ Kd4 65. Rxc3 (65. bxc3+ Kd3 $19) 65... e4 $19 66. Kc1 Rh1+ (66... Rh2 67.
Rc8 (67. Rg3 $2 e3 $1 $19 {/\Rh1+ + e3-e2//\Kd3}) 67... Rh1+ (67... Ke3 68.
Rc3+ Kf4 69. Kd1 (69. Rc8 Kf3) 69... Rxb2 70. Rc4 Kf3 71. Rxa4 e3 $19) 68. Kd2
e3+ 69. Ke2 Rh2+ 70. Ke1 Rxb2 71. Ra8 Kd3 72. Rd8+ Kc4 $19) 67. Kd2 Rh2+ 68.
Kc1 e3 {/\Rh1+ e3-e2} 69. Kd1 Rxb2 70. Rc8 Rb3) 62... Rh2+ 63. Kb1 (63. Kd1 $2
Kxc3 (63... c5 64. Re8 Rxh7 65. Rxe5 Rh2 (65... Rh1+ 66. Kc2 Rh2+ 67. Kc1 $1
$10) 66. Kc1 $10) 64. Re8 Rh1+ 65. Ke2 Rxh7 66. Rxe5 Kb2 $19) 63... c5 $1 (
63... Kxc3 64. Re8 Rxh7 65. Rxe5 Rh1+ 66. Ka2 Rh2+ 67. Kb1 Kd4 68. Ra5 c5 69.
Rxa4+ Kd3 70. Rg4 $10) 64. Re8 Rxh7 65. Rxe5 Kb3 66. Kc1 c4 (66... Rh1+ 67. Kd2
Rh2+ 68. Kc1 Rc2+ (68... c4 69. Rb5+ Kxc3 70. Kb1) 69. Kb1 Rxc3 70. Re8 Kxa3 (
70... Rh3 71. Rb8+ Kxa3 72. Kc2 $10) 71. Rc8 Kb3 72. Rb8+ Kc4 73. Ra8 $10) 67.
Rb5+ Kxc3 68. Kb1 Rh1+ 69. Ka2 $10 Kd3 70. Rb7 (70. Rd5+ Kc2 71. Rg5 (71. Rc5
Rh2 $19 (71... c3 $4 72. Rxc3+ $10)) 71... Rh2 72. Rg1 c3 $19) 70... Rd1 (70...
c3 71. Rd7+ Kc2 72. Rd2+ $10) 71. Rb8 (71. Rh7 $2 Kc2 $19 (71... Rd2+ 72. Kb1
Kc3 73. Rb7 $10) 72. Rc7 Rd2 $1 (72... c3 73. Rxc3+ $10) 73. Rc8 c3 74. Rc7
Kd1+ 75. Kb1 c2+) 71... c3 (71... Re1 72. Rb7) (71... Kc2 72. Rb2+ $10) 72. Rc8
{/\Rxc3=} Rd2+ (72... c2 73. Rxc2 $10) 73. Kb1 $10 Rb2+ 74. Kc1 Ra2 75. Rd8+
Kc4 76. Rc8+ Kb3 77. Rb8+ Kxa3 78. Rc8 $10) 62. Kxb2 Kc4 63. Re8 Rh2+ 64. Kb1
Rh1+ 65. Kc2 Rxh7 66. Rxe5 Rh2+ 67. Kb1 c5 68. Re4+ Kc3 69. Re3+ Kd4 70. Rg3
Re2 71. Rg4+ Re4 (71... Kc3 72. Rg3+) 72. Rg2 Kd3 73. Kb2 c4 (73... Re2+ $2 74.
Rxe2 Kxe2 75. Kc3) 74. Rg3+ Kd4 {/\Tg2+ + c4-c3} 75. Rg2 Re3 76. Rd2+ Rd3 77.
Rh2 Rb3+ 78. Kc2 Rxa3 79. Rh4+ Kc5 80. Rh8 Rg3 81. Rc8+ Kb4 82. Rb8+ Ka3 83.
Rc8 Rg4 84. Ra8 Rg1 85. Rc8 Rg4 86. Ra8 Rg1 87. Rc8 Rg4 {Hansen,Cu} 1/2-1/2

[Event "Altensteig-A"]
[Site "Altensteig"]
[Date "1993.??.??"]
[Round "7"]
[White "Hansen, Lars Bo"]
[Black "Romanishin, Oleg M"]
[Result "1-0"]
[WhiteElo "2560"]
[BlackElo "2615"]
[Annotator "Hansen,LB"]
[PlyCount "153"]
[EventDate "1993.07.07"]
[EventType "tourn"]
[EventRounds "11"]
[EventCountry "GER"]
[EventCategory "12"]
[SourceTitle "CBM 037"]
[Source "ChessBase"]
[SourceDate "1993.12.01"]
[SourceVersion "1"]
[SourceVersionDate "1993.12.01"]
[SourceQuality "1"]

1. c4 {Ribli} e5 2. Nc3 Nf6 3. Nf3 Nc6 4. g3 d5 5. cxd5 Nxd5 6. Bg2 Nb6 7. O-O
Be7 8. a3 Be6 $1 9. b4 Nd4 $5 (9... O-O) (9... a5 $6 {Ribli Petursson,
M-Motwani,P/Hafnarfirdi/1992/CBM29/}) (9... O-O {Ribli} 10. Rb1 $5) 10. Rb1
Nxf3+ 11. Bxf3 c6 12. b5 $5 (12. d3 $14) 12... O-O $1 (12... Nd5 $6 13. bxc6
bxc6 14. Bb2 (14. Nxd5) (14. Qa4 $14 {Ribli}) 14... O-O (14... f6 $6 15. d4 $1
$16) 15. Nxd5 Bxd5 16. e4 $1 Ba2 17. Ra1 (17. Rc1 $6 Qb8 $1) 17... Bc4 18. Be2
Bxe2 (18... Bd3 $6 19. Bxd3 Qxd3 20. Bxe5 Bxa3 (20... Qxe4 $2 21. Re1 $16 {
/\Bg7}) 21. Qb1 $1 Qxb1 22. Rfxb1 $16) 19. Qxe2 $16) (12... Rc8 $6 13. bxc6
bxc6 14. d3 $14) (12... Qd7 $5 {Ribli}) 13. bxc6 bxc6 14. d3 (14. Bxc6 $2 Rc8
15. Bg2 Qd7 16. Qc2 (16. a4 {Ribli} Rfd8 17. a5 $14) 16... f5 $17) 14... Rb8
15. Bb2 Qd7 $10 16. Qc2 f6 17. Ne4 Bd5 $6 (17... c5 $5 18. Nd2 (18. Nxc5 $2
Bxc5 19. Qxc5 Na4 $19) 18... c4 $1 (18... Rfc8 $6 19. Nc4 Nxc4 20. dxc4 $14)
19. dxc4 Rfc8 20. Rfd1 Qc7 (20... Nxc4 $2 21. Nxc4 Qc7 22. Bxe5 $1 fxe5 23.
Rxb8 Qxb8 24. Bd5 Bxd5 25. Rxd5 Qc7 26. Qa4 $1 Qxc4 27. Rd8+ $3 $18) 21. Bc1
Nxc4 22. Nxc4 Qxc4 23. Qxc4 Bxc4 24. Be3 $10) 18. a4 Qe6 19. Ba1 (19. Bc3 $5 {
Ribli}) 19... Nd7 20. Nd2 Bxf3 21. Nxf3 Bb4 22. e4 $5 (22. Nd2 Kh8 23. Nc4 $14
{/\f4}) 22... c5 $1 23. Nh4 a5 24. Nf5 Rbd8 25. f4 (25. Ne3 Nb6) 25... c4 $1 $8
{<=>} (25... Rfe8 $5 {Ribli}) 26. Qxc4 (26. dxc4 $2 exf4 27. gxf4 Nc5 $17) (26.
d4 $6 exd4 27. Nxd4 Bc5 $1 28. Kh1 Bxd4 29. Bxd4 Rfe8 30. Rfe1 Rc8 $17) 26...
Qxc4 27. dxc4 Rfe8 $1 (27... exf4 28. gxf4 Nb6 29. e5 $1 $16) 28. Rbd1 $6 (28.
Kh1 $5 exf4 29. Rxf4 $1 Ne5 30. Rbf1 $36 {<<}) 28... exf4 29. gxf4 Rxe4 30. Kh1
$5 Rxc4 $2 $138 (30... Kf7 $1 31. Rg1 g6 32. Nd6+ Bxd6 33. Rxd6 Ke7 $1 (33...
Rxc4 34. Bxf6 $1 Nxf6 35. Rxd8 Rxa4 $14) 34. Rgd1 Re1+ $1 (34... Rxf4 $2 35. c5
$18) (34... Rxc4 $6 35. Bxf6+ Nxf6 36. Rxd8 Rxa4 37. R8d4 $16) 35. Rxe1+ Kxd6
36. Rd1+ Ke6 (36... Kc7 $2 37. Bc3 $16) 37. Re1+ Kd6 (37... Kf5 38. Rd1 Re8 $5
39. Kg2 $1) 38. Rd1+ Ke6 $10) 31. Rg1 Rxf4 (31... g6 32. Bxf6 Nxf6 (32... Rf8
$4 33. Nh6#) 33. Rxd8+ Kf7 34. Nd6+ Bxd6 35. Rxd6 Rxa4 36. Rf1 $16) (31... Bf8
$4 {Ribli} 32. Nh6+ Kh8 33. Nf7+ $18) 32. Bxf6 $1 $16 (32. Nxg7 {Ribli} Kf7 $13
) 32... Rxf5 (32... Nxf6 $2 33. Rxd8+ Kf7 34. Rxg7+ Ke6 35. Nd4+ Ke5 36. Rg5+
Ke4 37. Ne2 $18) 33. Bxd8 Nc5 34. Be7 $1 h6 (34... Nxa4 $2 35. Rd8+ Kf7 36.
Rf8+ Ke6 (36... Kxe7 37. Rxf5 $18) 37. Bxb4 axb4 38. Re1+ $18 (38. Re1+ {Ribli}
Re5 39. Re8+ $18)) 35. Rd8+ Kh7 36. Rf8 $138 Rxf8 37. Bxf8 g5 (37... Nxa4 38.
Bxg7 $16) 38. Bxc5 Bxc5 39. Rc1 Bb4 40. Rc6 h5 41. Kg2 Kg7 42. Kf3 g4+ $5 43.
Kf4 Bd2+ 44. Kf5 Be3 45. Rc7+ $1 Kh6 46. Re7 Bf2 47. Re5 Bg1 48. Re2 $1 $18 {
(.)} Bc5 49. Re6+ Kg7 50. Kg5 Kf7 (50... Bg1 51. Kxh5 Bxh2 52. Kxg4 Kf8 (52...
Kf7 53. Ra6 $18) 53. Rc6 $1 $18) 51. Ra6 Bg1 52. Kxh5 Bxh2 53. Kxg4 Ke7 54.
Rxa5 Kd7 55. Ra6 Kc7 56. Kf5 Kb7 57. Rh6 Bc7 58. Ke4 Bb6 59. Kd5 Be3 60. Rg6
Bf2 61. Kc4 Be3 62. Kb5 Bf4 63. Rg7+ Ka8 (63... Kb8 64. Ka6 Be3 65. Rb7+ Kc8 (
65... Ka8 66. a5 $18) 66. Rb3 Bf2 (66... Bd4 67. Kb5 $18 {/\Kc4}) 67. Rc3+ $1
Kb8 68. Rf3 $1 {Kling} Bg1 (68... Bd4 69. Rb3+ Kc7 (69... Ka8 70. a5 $18) 70.
Kb5 $18) 69. Rb3+ Kc7 70. Rb7+ Kc8 (70... Kc6 71. Rb1 Be3 72. Rb3 Bd4 73. Rb4
$18 {/\Rc4,Kb5}) 71. Rb5 $1 Be3 72. Ka5 $1 {/\Kb4-c4+-} Bd2+ 73. Kb6 Kb8 74.
Re5 $1 $18) 64. Ka6 Be5 65. Ra7+ Kb8 66. Rb7+ Ka8 (66... Kc8 67. Kb6 $18) 67.
a5 Bf4 68. Rf7 Be5 69. Rf8+ Bb8 70. Kb5 Ka7 71. Rf7+ Ka8 72. a6 Ba7 (72... Be5
73. a7 $18) 73. Rf8+ Bb8 74. Ka5 $22 Ka7 75. Rf7+ Ka8 76. Kb6 Be5 77. a7 1-0

[Event "Reykjavik zt playoff"]
[Site "Reykjavik"]
[Date "1995.??.??"]
[Round "?"]
[White "Hansen, Lars Bo"]
[Black "Cramling, Pia"]
[Result "1-0"]
[WhiteElo "2565"]
[BlackElo "2520"]
[Annotator "Hansen,LB"]
[PlyCount "121"]
[EventDate "1995.04.??"]
[EventType "tourn"]
[EventRounds "5"]
[EventCountry "ISL"]
[EventCategory "12"]
[SourceTitle "CBM 047"]
[Source "ChessBase"]
[SourceDate "1995.08.01"]
[SourceVersion "1"]
[SourceVersionDate "1995.08.01"]
[SourceQuality "1"]

1. c4 {Ribli} e5 2. Nc3 Nf6 3. Nf3 Nc6 4. g3 Bc5 5. Bg2 d6 6. O-O O-O 7. d3 a6
$5 (7... h6 8. b3 (8. a3 a5 9. e3 Bb6 10. b3 Re8 11. Bb2 Bg4 $6 12. h3 Bh5 13.
Qc2 Bg6 14. Nd2 Nd7 15. Nd5 Nc5 16. Ne4 Nxe4 17. dxe4 $16 {Khalifman,A-Bareev,
E/Wijk/1995/}) (8. e3 a6 9. h3 Ba7 10. Kh2 Be6 11. b3 d5 12. Ba3 Re8 13. cxd5
Nxd5 14. Rc1 Nxc3 15. Rxc3 Bd5 $10 {Karpov,A-Illescas Cordoba,M/Dos Hermanas/
1995/}) 8... a6 9. e3 Ba7 10. Bb2 Re8 11. h3 Be6 12. Kh2 Qd7 13. Rc1 Rad8 14.
d4 exd4 15. exd4 Bf5 {Schwarz hat gleichwertiges Spiel erreicht, (aktives
Figurenspiel und offene e- Linie). Hansen,LB-Adams/,M/Wijk op/1995/CBM46/INF62,
27/} 16. a3 Re7 17. b4 Rde8 18. b5 Na5 19. Qa4 b6 $13 {Hansen,LB-Adams,M/Wijk/
1995/}) 8. b3 $146 (8. a3) 8... Ba7 9. Bb2 Re8 $6 {X Re8} (9... h6 $142 {/\ Be6
}) 10. h3 $1 h6 11. Kh2 Be6 12. Rc1 {Der erste neue Zug.} Rb8 $5 13. e3 $5 (13.
e4) 13... Qd7 14. e4 $5 {Ribli: Eine interessante Idee. Weiss wartet auf Qd7
und dann spielt er e4,Nd5 und der Anziehende denkt dass die schwarze Dame auf
d7 schlechter als d8 steht.} b5 {Konsequent (12...Rb8) aber sinnlos, Schwarz
schwaecht nur seinen eigenen Da- menfluegel.} (14... Nd4 $5 {Ribli}) 15. Nd5
Nh7 16. Qd2 Rb7 $2 {X Rb7 Ribli: Sieht ungewoehnlich aus. Besser war sofort >=
16...b4.} (16... b4 17. d4 exd4 18. Nxd4 Nxd4 19. Bxd4 Bxd4 20. Qxd4 $14) 17.
Rfe1 b4 18. Rcd1 $6 {Ribli:Der Damenfluegel ist eingefroren, und Weiss spielt
jetzt im Zentrum.} (18. d4 $16) 18... Qd8 $1 {/\ Ng5; X d4} 19. d4 {Ribli:
Droht /\ Ne3 mit klarem Vorteil.} Ng5 20. Nxg5 hxg5 (20... Qxg5 {Ribli} 21. f4
$1 $16) 21. dxe5 dxe5 {[#]} (21... Nxe5 {Ribli} 22. f4 gxf4 23. gxf4 $16) 22.
f4 $1 $8 {Ribli: Die weissen Figuren sind gut postiert, ein Spiel am
Koenigsfluegel ist die logi- sche Konsequenz.} gxf4 23. gxf4 $36 Qh4 (23... f6
24. c5 $1 $16 {X Rb7,Ba7}) 24. Rf1 (24. fxe5 $6 {Ribli} Bf2 $1 $13) 24... f6
25. c5 $1 $16 {Ribli:Eine unangenehme Ueberraschung. Jetzt sind zwei schwarze
Figuren (Ba7 und Rb7) von Spiel ausgeschlossen. Weiss steht klar besser.} Bb8 (
25... Bxc5 $2 26. Rc1 (26. Qc2 {Ribli} Rb5 27. Nxc7 $18) 26... Rb5 27. Nxc7 Rd8
28. Qe2 $18) 26. Rg1 {Ribli:Voellig auf seine Angriffsplanung konzentriert (><
g7).} (26. f5 $16) 26... Kh7 27. f5 Bf7 28. Bf3 Nd4 $138 (28... Qh6 {Ribli} 29.
Qxh6+ Kxh6 30. Rg4 Kh7 31. Rdg1 $18) 29. Bxd4 exd4 (29... c6 {Ribli} 30. Bf2 $1
$18) 30. c6 $1 Bxd5 (30... Rb5 {Ribli} 31. Rg4 $18) 31. Rg4 $5 (31. exd5 Rb5 (
31... Re3 $5 32. Rg4 $1 (32. cxb7 $4 c6+ 33. Kg2 Qg3+ 34. Kf1 Rxf3+ 35. Ke2
Qf2#) 32... Qh6 33. cxb7 Rxf3 (33... c6+ 34. Kg2 $18) 34. Qxh6+ Kxh6 35. Kg2
$18) 32. Rg4 Qh6 33. Qxd4 Qe3 $16) 31... Qh6 32. Qxh6+ gxh6 33. exd5 Rb5 34.
Rdxd4 Ba7 (34... a5 35. Rde4 Rxe4 36. Rxe4 $18) 35. Rxb4 $18 Bc5 36. Rbc4 $138
{Ribli:Weiss hat zwei Bauern erobert, Schwarz hofft auf die ungleichfarbigen
Laeufer.} Bd6+ 37. Kg2 Re1 38. Rg6 Ra1 39. Rc2 Be5 40. Rg4 a5 41. Ra4 Bd6 42.
Rd4 Be5 43. Rdd2 {Droht /\ d6.} Bd6 44. Re2 Rc5 45. Rxc5 Bxc5 46. Bh5 Kg7 47.
Kf3 Rd1 48. Rg2+ Kf8 49. Rg6 {Ribli:Der Rest der Partie bedarf keines
Kommentars.} Rd3+ 50. Ke2 Rxd5 51. Rxf6+ Kg8 52. Bg6 Re5+ 53. Kd3 Bb6 54. h4 $5
Rd5+ 55. Ke2 Re5+ 56. Kf3 Re3+ (56... Re7 57. Bh5 $18) 57. Kf4 Re2 58. Rf7 $1
$138 Rxa2 $138 59. Rd7 Rg2 (59... Re2 60. f6 $18) 60. Ke5 $1 Re2+ 61. Kf6 {
Ribli} 1-0

[Event "Farum op"]
[Site "Farum"]
[Date "1993.??.??"]
[Round "8"]
[White "Sher, Miron Naumovich"]
[Black "Baburin, Alexander"]
[Result "1-0"]
[WhiteElo "2535"]
[BlackElo "2530"]
[Annotator "Hansen,LB"]
[PlyCount "79"]
[EventDate "1993.10.??"]
[EventType "swiss"]
[EventRounds "9"]
[EventCountry "DEN"]
[SourceTitle "CBM 037"]
[Source "ChessBase"]
[SourceDate "1993.12.01"]
[SourceVersion "1"]
[SourceVersionDate "1993.12.01"]
[SourceQuality "1"]

1. c4 e5 2. g3 Nf6 3. Bg2 d5 4. cxd5 Nxd5 5. Nf3 Nc6 6. O-O Nb6 7. Nc3 Be7 8.
a3 O-O 9. b4 Re8 10. d3 Bf8 11. Rb1 a5 $5 (11... Bg4 $6 12. Ng5 $1 Rb8 13. Be4
$1 g6 14. Qb3 Qe7 15. Bxc6 bxc6 16. Nge4 h6 17. Be3 Qd8 18. f3 Be6 19. Qc2 $16
{Piasetski,L-Lutz,C/Manila OL/1992/}) (11... Nd4 12. Ne1 c6 13. e3 Ne6 14. Nf3
Ng5 $5 (14... Nc7 {Lautier,J-Gelfand,B/Munchen/1993/}) 15. Nxg5 Qxg5 16. Ne4
Qd8 17. Qc2 $14 {Lautier,J-Wolff,P/Biel izt/1993/}) 12. b5 Nd4 13. Nd2 (13. e3
Nxf3+ 14. Bxf3 a4 15. Qc2 Ra5 16. Rd1 f5 17. e4 g6 18. Bg2 Qd6 19. exf5 gxf5
20. Be3 Be6 21. Bxb7 Bb3 22. Rxb3 axb3 23. Qxb3+ Kg7 24. a4 $16 {Kristiansen,
J-Jakobsen,O/Kobenhavn op/1990/}) (13. Bb2 Bg4 14. Nd2 Qc8 15. Re1 a4 16. Qc1
$14 {Portisch,L-Kortchnoi,V/Wijk aan Zee/1990/}) 13... a4 14. e3 (14. Bb2 Ra5
15. Nc4 Nxc4 16. dxc4 Bf5 17. Bxb7 $1 Bxb1 18. Qxb1 c6 19. bxc6 Rc5 20. Qd3 $1
$16 {Ehlvest,J-Hjartarson,J/Rotterdam/1989/}) 14... Ne6 15. Nf3 Nc5 16. d4 exd4
17. Nxd4 (17. exd4 $5) 17... g6 (17... Qf6 18. Qc2 Qg6 19. e4 Rd8 20. Nce2 Bg4
21. f3 Bd7 22. Be3 $14 {Webster,A-Lewis,A/Eastbourne/1990/}) 18. Qc2 Bg7 $146 (
18... Qe7 19. Nce2 Be6 $5 20. Nxe6 Qxe6 21. Bb2 Qb3 22. Rfc1 Rad8 $6 (22... Nd3
$142 $13 {Kir.Georgiev}) 23. Nd4 Qxc2 24. Rxc2 $16 {Georgiev,Kir/Gelfand,B/
Manila izt/1990/}) 19. Nce2 $1 Ne6 20. Bb2 Nxd4 21. Nxd4 Qe7 22. Rfe1 $1 $16
Rb8 23. Rbc1 Be5 $8 24. Qc3 $1 {/\f4;X c7;/^a1-h8} f6 25. f4 Bd6 26. e4 Qf7 27.
e5 $1 fxe5 28. fxe5 Bf8 $8 (28... Bxe5 29. Rxe5 $1 Rxe5 30. Nf3 $18) (28...
Rxe5 29. Nf3 $18) 29. e6 Qg7 30. Qd2 $1 {/\Nf5+-} Qh6 (30... Rd8 31. Qf2 $18)
31. Qxh6 Bxh6 32. Rxc7 $18 Bd7 $5 33. Re2 Bg7 34. Rcc2 $1 Bxd4+ 35. Bxd4 Bxb5
36. Bxb6 (36. Re5 Nc4 $1 37. Rxb5 Nxa3) 36... Bxe2 37. Rxe2 Rbc8 $6 38. Bxb7
Rc1+ 39. Kg2 Rb1 40. Bc6 1-0

[Event "St Petersburg"]
[Site "St Petersburg"]
[Date "1997.04.24"]
[Round "8"]
[White "Komarov, Dimitri"]
[Black "Tseitlin, Mark D"]
[Result "1-0"]
[WhiteElo "2615"]
[BlackElo "2505"]
[Annotator "Hecht,H"]
[PlyCount "75"]
[EventDate "1997.??.??"]
[EventType "tourn"]
[EventRounds "11"]
[EventCountry "RUS"]
[EventCategory "14"]
[SourceTitle "CBM 059"]
[Source "ChessBase"]
[SourceDate "1997.08.01"]
[SourceVersion "1"]
[SourceVersionDate "1997.08.01"]
[SourceQuality "1"]

1. c4 e5 2. Nc3 Nf6 3. Nf3 Nc6 4. g3 Bb4 5. Bg2 O-O 6. O-O e4 7. Ng5 Bxc3 8.
bxc3 Re8 9. f3 e3 10. d3 d5 11. Qb3 Na5 12. Qa3 c6 13. cxd5 cxd5 14. f4 Nc6 15.
Rb1 h6 16. Nf3 Qc7 17. Bb2 Rd8 18. Qc5 Ng4 19. Nd4 Qb6 20. Nb3 Nf2 21. Rfc1
Nh3+ 22. Kf1 g5 23. fxg5 hxg5 24. c4 d4 25. Bxc6 Qxc5 26. Nxc5 bxc6 27. Nb3 Rb8
28. Ba1 Rxb3 29. Rxb3 Bg4 30. c5 Rd5 31. Bxd4 Rxd4 32. Rc4 Rxc4 33. dxc4 {
[#] Partiegewinn durch Gewinn des a-Bauern oder des Läufers begünstigt durch
die Abseitsstellung des schwarzen Ritters.} Be6 34. Rxe3 Bxc4 35. Ra3 a6 36.
Ra4 {gewinnt den a-Bauern oder...} Bb5 (36... Bd5 37. Rxa6 g4 38. Ra8+ Kg7 39.
a4 Ng5 40. a5 Ne6 41. a6 Nc7 42. Ra7 Ne6 43. Rb7 Nxc5 44. a7 Nxb7 45. a8=Q Nd6
46. Qb8 Ne4 47. Qf4 $18) 37. Rb4 {... den Läufer} f5 (37... a5 38. Rxb5 cxb5
39. c6 $18) (37... Kf8 38. a4 a5 39. axb5 axb4 40. b6 $18) 38. a4 (38. a4 Kf7
39. axb5 axb5 40. Rd4 $18 {[%csl Rc6]}) 1-0